书目信息 |
| 题名: |
茶人三部曲 第三步 筑草为城
|
|
| 作者: | 王旭烽, 著 | |
| 分册: | ||
| 出版信息: | 北京 人民文学出版社 2004.05 |
|
| 页数: | 3册 | |
| 开本: | 23cm | |
| 丛书名: | 新中国70年70部长篇小说典藏 | |
| 单 册: | ||
| 中图分类: | I247.57 | |
| 科图分类: | ||
| 主题词: | 长篇小说--chang pian xiao shuo--小说集--中国--当代 | |
| 电子资源: | ||
| ISBN: | 978-7-02-015442-5 | |
| 000 | 01300nam 2200253 450 | |
| 001 | 2072367103 | |
| 005 | 20201106200635.94 | |
| 010 | @a978-7-02-015442-5@dCNY42.00 | |
| 100 | @a20190923d2004 em y0chiy50 ea | |
| 101 | 0 | @achi |
| 102 | @aCN@b110000 | |
| 105 | @ay z 000ay | |
| 200 | 1 | @a茶人三部曲 第三步 筑草为城@Acha ren san bu qu@f王旭烽著 |
| 210 | @a北京@c人民文学出版社@d2004.05 | |
| 215 | @a3册@d23cm | |
| 225 | 2 | @a新中国70年70部长篇小说典藏@Axin zhong guo 70 nian 70 bu chang pian xiao shuo dian cang |
| 314 | @a王旭烽, 1955年出生于杭嘉湖平原, 1982年毕业于杭州大学历史系。现为浙江农林大学汉语国际推广茶文化传播基地主任, 茶文化学科带头人, 教授。著有长篇小说《茶人三部曲》《爱情西湖》《斜阳温柔》《飘羽之重》, 纪实文学作品《让我们敲希望的钟啊》《家国书》《主义之花》, 随笔集《爱茶者说》《走读西湖》《瑞草之国》《一片叶子》《茶的故事》《旭烽茶话》《走读浙江》, 戏剧剧本有越剧《藏书之家》、昆剧《红楼梦》、话剧《六羡歌》等。作品被翻译成十多种文字, 在海外出版发行。 | |
| 330 | @a本书共包括三部: 南方有嘉木 ; 不夜之侯 ; 筑草为城。 | |
| 410 | 0 | @12001 @a新中国70年70部长篇小说典藏 |
| 606 | 0 | @a长篇小说@Achang pian xiao shuo@x小说集@y中国@z当代 |
| 690 | @aI247.57@v5 | |
| 701 | 0 | @a王旭烽,@Awang xu feng@f1955-@4著 |
| 801 | 0 | @aCN@b人天书店@c20201002 |
| 905 | @aZUCC@dI247.57@eW401 | |
| 茶人三部曲 第三步 筑草为城/王旭烽著.-北京:人民文学出版社,2004.05 |
| 3册;23cm.-(新中国70年70部长篇小说典藏) |
| ISBN 978-7-02-015442-5:CNY42.00 |
| 本书共包括三部: 南方有嘉木 ; 不夜之侯 ; 筑草为城。 |
| ● |
| 相关链接 |
|
|
|
正题名:茶人三部曲 第三步 筑草为城
索取号:I247.57/W401
 
预约/预借
| 序号 | 登录号 | 条形码 | 馆藏地/架位号 | 状态 | 备注 |
| 1 | 1483797 | 214837970 | 文学库108/108文学库 998排6列2层/ [索取号:I247.57/W401] | 在馆 | |
| 2 | 1483798 | 214837989 | 文学库108/108文学库 998排6列2层/ [索取号:I247.57/W401] | 在馆 |